All in : (Record no. 5029)

000 -LEADER
fixed length control field 00664nam a2200205 a 4500
005 - DATE AND TIME OF LATEST TRANSACTION
control field 20250122122710.0
008 - FIXED-LENGTH DATA ELEMENTS--GENERAL INFORMATION
fixed length control field 250122t 2020-us||||| |||| 00| 0 eng d
020 00 - INTERNATIONAL STANDARD BOOK NUMBER
International Standard Book Number 9781400224630
040 ## - CATALOGING SOURCE
Original cataloging agency AKMAL
082 04 - DEWEY DECIMAL CLASSIFICATION NUMBER
Classification number 658.4 ROB
090 00 - LOCALLY ASSIGNED LC-TYPE CALL NUMBER (OCLC); LOCAL CALL NUMBER (RLIN)
Classification number (OCLC) (R) ; Classification number, CALL (RLIN) (NR) 658.4
Local cutter number (OCLC) ; Book number/undivided call number, CALL (RLIN) ROB
100 10 - MAIN ENTRY--PERSONAL NAME
Personal name Shaw, Robert B.,
Dates associated with a name 1956-
9 (RLIN) 9595
245 10 - TITLE STATEMENT
Title All in :
Remainder of title how obsessive leaders achieve the extraordinary /
Statement of responsibility, etc. Robert Bruce Shaw.
264 01 - PRODUCTION, PUBLICATION, DISTRIBUTION, MANUFACTURE, AND COPYRIGHT NOTICE
Place of production, publication, distribution, manufacture New York, New York :
Name of producer, publisher, distributor, manufacturer HarperCollins Leadership, an imprint of HarperCollins,
Date of production, publication, distribution, manufacture, or copyright notice 2020.
300 ## - PHYSICAL DESCRIPTION
Extent 220p.;
Dimensions 24cm
650 10 - SUBJECT ADDED ENTRY--TOPICAL TERM
Topical term or geographic name entry element Leadership.
650 10 - SUBJECT ADDED ENTRY--TOPICAL TERM
Topical term or geographic name entry element Creative ability in business.
9 (RLIN) 5740
650 20 - SUBJECT ADDED ENTRY--TOPICAL TERM
Topical term or geographic name entry element Success in business.
9 (RLIN) 1084
942 ## - ADDED ENTRY ELEMENTS (KOHA)
Source of classification or shelving scheme
Koha item type Book
Holdings
Withdrawn status Lost status Source of classification or shelving scheme Damaged status Not for loan Collection code Home library Current library Shelving location Date acquired Source of acquisition Inventory number Total Checkouts Full call number Barcode Date last seen Price effective from Koha item type
          NON-FICTION AKMAL Melaka AKMAL Melaka PINJAMAN 22.01.2025 Pembelian 011578   658.4 ROB 201708291 22.01.2025 22.01.2025 Book
Pusat Sumber Maklumat Dato' Haji Sarmin Md Hussin, Akademi Kastam Diraja Malaysia, Melaka
Tel: 06-2331106 | Faks: 06-2313787